| 000 | | | 04433nac2a22002893x 450 |
| 001 | | | c0f876cb-1976-4cfd-8902-98f2631e1f92 |
| 005 | | | 20211213201412.0 |
| 100 | ## | $a | 20211120l18051856k y0rusy50 ca |
| 101 | 0# | $a | fre |
| | $a | rus |
| 102 | ## | $a | RU |
| 105 | ## | $a | y z ||||| |
| 122 | 2# | $a | d18050117 |
| | $a | d18560207 |
| 200 | 1# | $a | Выписки из документов С.Петербургского архива иностранных дел - разного содержания. /На франц. яз./ |
| | $j | 17 января 1805 - 07 февраля 1856 |
| 215 | ## | $a | 6 листов |
| 251 | ## | $c | Дело |
| 300 | ## | $a | Заголовок дела на папке: Выписки из документов Санкт-Петербургского архива иностранных дел - разного содержания |
| 300 | ## | $a | Часть текста на французском языке |
| 300 | ## | $a | Рукописный текст |
| 330 | ## | $a | Входит в раздел описи: 3. Документы о научной и литературной деятельности барона Шиллинга М. Ф. |
| 461 | #0 | $1 | 001ff9fc58f-089b-437b-980d-902343bc59d8 |
| | $1 | 2001 |
| | $a | Шиллинг Маврикий Фабианович, барон, секретарь русского посольства в Вене |
| | $1 | 251 |
| | $c | Фонд |
| | $1 | 852 |
| | $j | 813 |
| 462 | #0 | $1 | 001665c067c-d934-4316-b9df-5bf0ad49190b |
| | $1 | 2001 |
| | $a | Дела постоянного хранения. 1817-1917 |
| | $v | Д. 94 |
| | $1 | 251 |
| | $c | Опись |
| | $1 | 852 |
| | $j | 1 |
| 517 | 1# | $a | Выписки из документов Санкт-Петербургского архива иностранных дел - разного содержания |
| 600 | #1 | $a | Шиллинг |
| | $b | М. Ф. |
| | $c | барон |
| | $g | Маврикий Фабианович |
| 601 | 01 | $3 | RU\NLR\AUTH\8816875 |
| | $a | Россия |
| | $b | Министерство иностранных дел |
| | $b | Государственный и Петербургский главный архивы |
| 801 | #0 | $a | RU |
| | $b | GA_RF |
| 801 | #1 | $a | RU |
| | $b | ГлавНИВЦ |
| | $c | 20211120 |
| | $2 | rusmarc |
| 801 | #2 | $a | RU |
| | $b | ПБ им. Б.Н. Ельцина |
| | $c | 20211213 |
| | $g | RCR |
| | $2 | rusmarc |
| 852 | ## | $a | ГА РФ |
| | $j | 94 |
| 937 | ## | $d | 171548325 |
| | $h | ГАРФ |
| 035 | ## | $a | RuPRLIB51060981 |
| 856 | ## | $u | http://readingroom.main.prlib.ru/item.aspx?id_node=n171548325&mode=full |